Gaming Quiz

Random Gaming or Marvel Quiz

Ultimate Marvel VS Capcom 3 Characters By Debut Year Quiz Stats

Quiz not verified by Sporcle

Challenge
Share
Tweet
Embed
Score 0/50 Timer 20:00
0 Plays Today
Character Year % Correct
Ryu1987
94.1%
Viewtiful Joe2003
89.2%
Dante2001
88.2%
Phoenix Wright2001
88.2%
Chris Redfield1996
87.3%
Frank West2006
87.3%
Arthur1985
87.3%
Amaterasu2006
87.3%
Chun-Li1991
87.3%
Zero1993
87.3%
Morrigan1994
86.3%
Strider Hiryu1989
86.3%
Trish2001
84.3%
Akuma1994
84.3%
Vergil2005
84.3%
Mike Haggar1989
84.3%
Firebrand1985
84.3%
Jill Valentine1996
83.3%
Albert Wesker1996
83.3%
Nemesis T-Type1999
83.3%
Crimson Viper2008
83.3%
Nathan Spencer1987
82.4%
Tron Bonne1997
82.4%
Felicia1994
81.4%
Hsien-Ko1995
81.4%
Character Year % Correct
Hulk1962
75.5%
Wolverine1974
73.5%
Iron Man1963
71.6%
Spider-Man1962
71.6%
Captain America1941
70.6%
Thor1962
69.6%
Doctor Strange1963
68.6%
Phoenix1963
65.7%
Doctor Doom1962
65.7%
Nova1976
65.7%
Magneto1963
65.7%
X-232004
65.7%
Deadpool1990
64.7%
Iron Fist1974
64.7%
She-Hulk1980
64.7%
Sentinel1965
63.7%
Ghost Rider1972
63.7%
M.O.D.O.K.1967
63.7%
Hawkeye1964
63.7%
Storm1975
63.7%
Super-Skrull1963
62.7%
Rocket Raccoon1976
62.7%
Taskmaster1980
62.7%
Dormammu1964
62.7%
Shuma-Gorath1972
60.8%

You're not logged in!

Compare scores with friends on all Sporcle quizzes.
Sign Up with Email
OR
Log In

You Might Also Like...

Show Comments

Extras

Top Quizzes Today


Score Distribution

Your Account Isn't Verified!

In order to create a playlist on Sporcle, you need to verify the email address you used during registration. Go to your Sporcle Settings to finish the process.

Report this User

Report this user for behavior that violates our Community Guidelines.

Details: